000 00358nam a2200145Ia 4500
008 150201s2009 xx 000 0 und d
082 _a150
_bP09A
100 _aANTHIKAD , JACOB
245 _aPSYCHOLOGY & SOSIOLOGY FOR GNM & BPT STUDENTS
250 _a2ND
260 _bJAYPEE
_aDELHI
_c2009
300 _a253
650 _aPSYCHOLOGY
942 _2ddc
_cBK
_021
999 _c2095
_d2095